| 000 | 00787nam a2200229Ia 4500 | ||
|---|---|---|---|
| 003 | GCL | ||
| 008 | 140319s9999 xx 000 0 ara d | ||
| 040 |
_aGCL / _cGCL |
||
| 082 | 0 | 4 |
_a361 _bم م |
| 100 | 1 | _aمحروس محمود خليفة | |
| 245 | 1 | 0 |
_aممارسة الخدمة الاجتماعية قراءة جديدة فى قضايا الرعاية الاجتماعية / _cمحروس محمود خليفة |
| 260 |
_a[S.N] : _bدار المعرفة الجامعية |
||
| 300 | _a485 ص | ||
| 490 | _a | ||
| 650 | 0 | 4 | _aتنظيم المجتمع |
| 650 | 0 | 4 | _aالخدمة الاجتماعية |
| 650 | 0 | 4 | _aالاجتماع |
| 650 | 0 | 4 | _aالبحوث |
| 650 | 0 | 4 | _aالشئون الاجتماعية |
| 650 | 0 | 4 | _aالرعاية الاجتماعية |
| 942 |
_2ddc _cBK |
||
| 999 |
_c29740 _d29740 |
||